mysqli: Table './ulib62015/stat_globaluid' is marked as crashed and should be repaired
select id from stat_globaluid where statuid='20260518004402_4215'
mysqli: Table './ulib62015/stat_globaluid' is marked as crashed and should be repaired
DELETE FROM stat_globaluid
WHERE id NOT IN (
SELECT id
FROM (
SELECT id
FROM stat_globaluid
ORDER BY id DESC
LIMIT 100
) foo
);
mysqli: Table './ulib62015/stat_globaluid' is marked as crashed and should be repaired
insert into stat_globaluid set
statuid='20260518004402_4215',
dt='1779039842',
phpself='/ULIB62015/dublinfull.php',
agent='Mozilla/5.0 AppleWebKit/537.36 (KHTML, like Gecko; compatible; ClaudeBot/1.0; +claudebot@anthropic.com)',
yea='2026',
mon='5',
dat='18',
ip='216.73.216.45'
mysqli: Table './ulib62015/stathist_viewbib_bib_type' is marked as crashed and should be repaired
insert into stathist_viewbib_bib_type set
dat='18' ,
mon='05' ,
yea='2026' ,
statuid='20260518004402_4215' ,
head='13399122631' ,
foot='marc' ,
dt='1779039842'
| LEADER : 00000nam 2200000uu 4500 |
| 001 13399122631 |
| 003 ULIB |
| 008 200314s2560||||th 000 0 tha d |
| 020 ^a9786164380356
|
| 060 04 ^aWA20.5^bป618ร 2560
|
| 100 0 ^aปิยธิดา คูหิรัญญรัตน์
|
| 245 10 ^aระเบียบวิธีการเก็บรวบรวมข้อมูลในงานวิจัยสุขภาพชุมชน /^cปิยธิดา คูหิรัญญรัตน์
|
| 250 ^aพิมพ์ครั้งที่ 1
|
| 260 ^aขอนแก่น:^bภาควิชาเวชศาสตร์ชุมชน คณะแพทยศาสตร์ มหาวิทยาลัยขอนแก่น,^c2560.
|
| 300 ^a152 หน้า :^bภาพประกอบ ;^c26 ซม.
|
| 650 4 ^aวิจัย
|
| 650 4 ^aอนามัยชุมชน^xวิจัย
|
| 650 4 ^aสุขภาพ^xวิจัย
|
| 710 2 ^aมหาวิทยาลัยขอนแก่น.^bคณะแพทยศาสตร์.^bภาควิชาเวชศาสตร์ชุมชน.
|
| 945 ^p0^l0^i027717
|
| 945 ^p0^l0^i027718 |
| 999 ^a57066
|
| คุณยังไม่ได้ล็อกอิน คุณสามารถมีกิจกรรมร่วมกับเว็บไซต์ได้ แต่ต้องล็อกอินก่อน :: |
|
|
|
| ลำดับที่ |
ประเภท |
เลขเรียก/บาร์โค้ด |
สถานที่ |
สถานะ |
| 1. |
 หนังสือ | WA20.5 ป618ร 2560 ฉ.1 Barcode: 027717 | หนังสือทั่วไป | บนชั้น ขอยืม |
| Note:อภินันทนาการโดย |
| 2. |
 หนังสือ | WA20.5 ป618ร 2560 ฉ.2 Barcode: 027718 | หนังสือทั่วไป | บนชั้น ขอยืม |
| Note:อภินันทนาการโดย |
รายการใกล้เคียง
หัวเรื่อง [วิจัย]
|
|
ยังไม่เคยถูกคอมเมนท์
|
| คอมเมนท์ทรัพยากรรายการนี้ |
|